[Event "89th YMCA Spring-A"]
[Site "Warszawa"]
[Date "2011.05.06"]
[Round "6"]
[White "Sielicki, Tomasz"]
[Black "Szymczak, Rafal"]
[Result "1/2-1/2"]
[WhiteElo "2026"]
[BlackElo "2089"]
[PlyCount "110"]
[EventDate "2011.03.29"]
[EventType "tourn"]
[EventRounds "1"]
[EventCountry "POL"]
[SourceDate "2011.03.31"]

1. d4 Nf6 2. Bg5 d5 3. e3 Bf5 4. Bxf6 gxf6 5. c4 Bxb1 6. Rxb1 c6 7. Ne2 dxc4 8.
Nc3 b5 9. g3 a6 10. Bg2 e6 11. O-O f5 12. a4 Ra7 13. d5 Bg7 14. dxe6 fxe6 15.
Qh5+ Rf7 16. Ne2 e5 17. e4 Qf6 18. exf5 Qxf5 19. Qxf5 Rxf5 20. Nc3 O-O 21. Rbd1
e4 22. Bxe4 Rc5 23. axb5 axb5 24. Rd6 b4 25. Na4 Ra5 26. Nb6 Rc5 27. Na4 Ra5
28. Nb6 c3 29. bxc3 Bxc3 30. Rfd1 b3 31. Rd8 Ra1 32. Rxf8+ Kxf8 33. Rxa1 Bxa1
34. Kf1 h6 35. Ke2 Bd4 36. Nc4 Ke7 37. f3 c5 38. Nd2 b2 39. Kd1 Nd7 40. Kc2 Nb6
41. Nb3 Nc4 42. Nxd4 cxd4 43. Kb3 b1=Q+ 44. Bxb1 Nd2+ 45. Kc2 Nxf3 46. Kd3 Kf6
47. h3 Ke5 48. Ke2 Ng5 49. h4 Ne6 50. Kf3 Nc5 51. Kg4 Kf6 52. Kh5 Kg7 53. g4
Ne6 54. g5 hxg5 55. hxg5 Nxg5 1/2-1/2

[Event "89th YMCA Spring-A"]
[Site "Warszawa"]
[Date "2011.05.03"]
[Round "7"]
[White "Zurkowski, Andrzej"]
[Black "Sielicki, Tomasz"]
[Result "1-0"]
[WhiteElo "2135"]
[BlackElo "2026"]
[PlyCount "69"]
[EventDate "2011.03.29"]
[EventType "tourn"]
[EventRounds "1"]
[EventCountry "POL"]
[SourceDate "2011.03.31"]

1. d4 d6 2. e4 g6 3. f4 Bg7 4. Nf3 Nf6 5. Nc3 c5 6. d5 O-O 7. Be2 b5 8. e5 dxe5
9. fxe5 Ng4 10. Bf4 Nd7 11. Bxb5 Ndxe5 12. Nxe5 Nxe5 13. Qe2 a6 14. Bxe5 Bxe5
15. Qxe5 axb5 16. O-O f6 17. Qe3 b4 18. Ne4 Qxd5 19. Nxc5 Rxa2 20. Rad1 Qf7 21.
Qd4 Bf5 22. Rd2 e5 23. Qxb4 Rc8 24. Kh1 Qa7 25. Qc4+ Kh8 26. b4 Qa3 27. Qf7
Qxb4 28. Ne6 Bxe6 29. Qxf6+ Kg8 30. Qxe6+ Kg7 31. Rd7+ Kh6 32. Qh3+ Kg5 33.
Qe3+ Qf4 34. Rxf4 Ra1+ 35. Rf1+ 1-0

[Event "89th YMCA Spring-A"]
[Site "Warszawa"]
[Date "2011.05.24"]
[Round "7"]
[White "Liberadzki, Slawomir"]
[Black "Gluszko, Monika"]
[Result "0-1"]
[WhiteElo "2013"]
[BlackElo "1990"]
[PlyCount "68"]
[EventDate "2011.03.29"]
[EventType "tourn"]
[EventRounds "1"]
[EventCountry "POL"]
[SourceDate "2011.03.31"]

1. e4 e6 2. d4 c5 3. c3 d5 4. e5 Qb6 5. Nf3 Nc6 6. Be2 Nh6 7. O-O cxd4 8. cxd4
Nf5 9. Nc3 Nfxd4 10. Nxd4 Qxd4 11. Bd3 Bd7 12. Nb5 Qb6 13. Be3 Qa5 14. a3 a6
15. b4 Qd8 16. Nd6+ Bxd6 17. exd6 O-O 18. Qh5 f5 19. g4 Be8 20. Qh3 Ne5 21. Be2
fxg4 22. Bxg4 Nxg4 23. Qxg4 Rf6 24. h4 Rg6 25. Bg5 h6 26. f4 hxg5 27. fxg5 e5
28. Rf2 Bb5 29. a4 Bc4 30. Qf5 Qf6 31. Qd7 Qxd6 32. Qf7+ Kh7 33. Qxb7 Rf8 34.
Rg2 Qb6+ 0-1

[Event "89th YMCA Spring-A"]
[Site "Warszawa"]
[Date "2011.05.13"]
[Round "7"]
[White "Krasiewicz, Robert"]
[Black "Jarmula, Pawel"]
[Result "0-1"]
[WhiteElo "2057"]
[BlackElo "2031"]
[PlyCount "92"]
[EventDate "2011.03.29"]
[EventType "tourn"]
[EventRounds "1"]
[EventCountry "POL"]
[SourceDate "2011.03.31"]

1. d4 d5 2. Nf3 Nf6 3. c4 c6 4. Qc2 e6 5. e3 Nbd7 6. Nc3 Bd6 7. g4 h6 8. Rg1 e5
9. cxd5 cxd5 10. g5 hxg5 11. Rxg5 e4 12. Ne5 Nh5 13. Nxf7 Kxf7 14. Rxd5 Nb6 15.
Ra5 Nf6 16. Bd2 Qe7 17. Qb3+ Be6 18. d5 Bd7 19. h3 g6 20. Nb5 Bxb5 21. Rxb5
Rhc8 22. a4 Rc7 23. a5 Nbd7 24. Rxb7 Nc5 25. Rxc7 Nxb3 26. Rxe7+ Kxe7 27. Ra4
Nxd2 28. Kxd2 Rb8 29. Kc2 Rb4 30. Rxb4 Bxb4 31. Bg2 Bxa5 32. Kb3 Kd6 33. Kc4
Be1 34. f3 Nxd5 35. Kd4 Bf2 36. fxe4 Nxe3 37. e5+ Ke6 38. Bf3 Nf5+ 39. Ke4 Bg3
40. Bg4 Bxe5 41. h4 Kf6 42. h5 Ng3+ 43. Kd5 gxh5 44. Bxh5 Nxh5 45. b4 Bc7 46.
b5 Bb6 0-1

[Event "89th YMCA Spring-A"]
[Site "Warszawa"]
[Date "2011.05.19"]
[Round "7"]
[White "Grochulski, Grzegorz"]
[Black "Jaworski, Andrzej"]
[Result "1-0"]
[WhiteElo "2069"]
[BlackElo "2040"]
[PlyCount "59"]
[EventDate "2011.03.29"]
[EventType "tourn"]
[EventRounds "1"]
[EventCountry "POL"]
[SourceDate "2011.03.31"]

1. e4 c5 2. Nf3 Nf6 3. e5 Nd5 4. Nc3 Nxc3 5. dxc3 e6 6. Bf4 Be7 7. Qd2 h6 8. h4
b6 9. O-O-O Bb7 10. Be2 a6 11. g4 Nc6 12. g5 h5 13. g6 f5 14. exf6 Bxf6 15. Ng5
Bxg5 16. hxg5 e5 17. Bxh5 Qe7 18. Bg4 Rxh1 19. Bxd7+ Kd8 20. Bxc6+ Kc7 21. Bxh1
Bxh1 22. Rxh1 exf4 23. Qxf4+ Kb7 24. Qf3+ Ka7 25. Qf7 Re8 26. f4 Kb8 27. Qxe7
Rxe7 28. f5 Kc7 29. f6 gxf6 30. gxf6 1-0

[Event "89th YMCA Spring-A"]
[Site "Warszawa"]
[Date "2011.05.26"]
[Round "7"]
[White "Kielar, Maciej"]
[Black "Kasperkiewicz, Pawel"]
[Result "0-1"]
[WhiteElo "2101"]
[BlackElo "2128"]
[PlyCount "120"]
[EventDate "2011.03.29"]
[EventType "tourn"]
[EventRounds "1"]
[EventCountry "POL"]
[SourceDate "2011.03.31"]

1. e4 c6 2. d4 d5 3. f3 e6 4. Nc3 Qb6 5. Nge2 Nf6 6. Bg5 Qxb2 7. Rb1 Qa3 8. Qd2
b6 9. Qf4 Ba6 10. Rb3 Qa5 11. Qc7 dxe4 12. Bxf6 gxf6 13. fxe4 Be7 14. Ng3 Bd8
15. Qf4 Qg5 16. Qf2 Bxf1 17. Rxf1 Nd7 18. Nge2 Bc7 19. e5 f5 20. Qf3 Ke7 21.
Qxc6 Rac8 22. Qb7 Bb8 23. Qf3 Rhg8 24. Rf2 a6 25. Nf4 Rc4 26. Qd3 Rgc8 27. Nd1
Bxe5 28. dxe5 Rxf4 29. Qd6+ Ke8 30. Rxf4 Qxf4 31. Rg3 Qxe5+ 32. Qxe5 Nxe5 33.
c3 Rc4 34. Nb2 Rg4 35. Rxg4 fxg4 36. Kd2 Ke7 37. Ke3 Kd6 38. Kd4 b5 39. Nd1 f5
40. Ne3 h5 41. Nf1 h4 42. Nd2 Nc6+ 43. Kd3 Kd5 44. Nf1 Ne5+ 45. Kd2 Ke4 46. Kc2
f4 47. Kd2 Nc4+ 48. Ke2 e5 49. Kf2 Kd3 50. h3 gxh3 51. gxh3 e4 52. Nh2 Ne5 53.
Kf1 Kxc3 54. Ke2 Kd4 55. Nf1 Nf3 56. Kd1 Kd3 57. a3 e3 58. Nd2 exd2 59. a4 Ne5
60. a5 Ke3 0-1

[Event "89th YMCA Spring-A"]
[Site "Warszawa"]
[Date "2011.05.25"]
[Round "8"]
[White "Choroszej, Aleksander"]
[Black "Kasperkiewicz, Pawel"]
[Result "1-0"]
[WhiteElo "2067"]
[BlackElo "2128"]
[PlyCount "51"]
[EventDate "2011.03.29"]
[EventType "tourn"]
[EventRounds "1"]
[EventCountry "POL"]
[SourceDate "2011.03.31"]

1. d4 Nf6 2. c4 e6 3. Nc3 Bb4 4. e3 O-O 5. Bd3 d5 6. cxd5 exd5 7. Qc2 c6 8.
Nge2 Re8 9. Bd2 Bd6 10. h3 c5 11. dxc5 Bxc5 12. Nb5 Bb6 13. Nbd4 Nbd7 14. O-O
Ne5 15. Bb5 Bd7 16. Bxd7 Qxd7 17. Qf5 Qd6 18. Bc3 a6 19. Ng3 g6 20. Qg5 Nfd7
21. Ngf5 Qf6 22. Nh6+ Kh8 23. f4 Qxg5 24. fxg5 Kg7 25. Rxf7+ Nxf7 26. Ne6# 1-0

[Event "89th YMCA Spring-A"]
[Site "Warszawa"]
[Date "2011.05.20"]
[Round "8"]
[White "Jaworski, Andrzej"]
[Black "Kielar, Maciej"]
[Result "0-1"]
[WhiteElo "2040"]
[BlackElo "2101"]
[PlyCount "58"]
[EventDate "2011.03.29"]
[EventType "tourn"]
[EventRounds "1"]
[EventCountry "POL"]
[SourceDate "2011.03.31"]

1. e4 c5 2. Nf3 e6 3. d4 cxd4 4. Nxd4 Nf6 5. Bd3 Nc6 6. Nxc6 bxc6 7. O-O d5 8.
exd5 cxd5 9. Bg5 Be7 10. c4 O-O 11. cxd5 Qxd5 12. Be3 Bb7 13. f3 Rfd8 14. Bc2
Qe5 15. Qc1 Bd6 16. g3 Rac8 17. Nc3 Qh5 18. Qe1 Bxf3 19. Rxf3 Qxf3 20. Bxa7
Bc5+ 21. Bxc5 Rxc5 22. a4 h5 23. Rd1 Rxd1 24. Bxd1 Qd3 25. Qe2 Qd4+ 26. Qf2 Qb4
27. Bc2 Re5 28. Qd2 g6 29. Bxg6 Qc5+ 0-1

[Event "89th YMCA Spring-A"]
[Site "Warszawa"]
[Date "2011.05.20"]
[Round "8"]
[White "Jarmula, Pawel"]
[Black "Grochulski, Grzegorz"]
[Result "1-0"]
[WhiteElo "2031"]
[BlackElo "2069"]
[PlyCount "53"]
[EventDate "2011.03.29"]
[EventType "tourn"]
[EventRounds "1"]
[EventCountry "POL"]
[SourceDate "2011.03.31"]

1. e4 c5 2. Nf3 b6 3. d4 cxd4 4. Nxd4 Bb7 5. Nc3 a6 6. a4 e6 7. Nb3 Qc7 8. Bd3
Nf6 9. O-O d6 10. f4 Nbd7 11. Qe2 Be7 12. Bd2 O-O 13. Rae1 e5 14. g4 exf4 15.
g5 f3 16. Rxf3 Ng4 17. Nd5 Bxd5 18. exd5 Nge5 19. Bxh7+ Kxh7 20. Rh3+ Kg8 21.
Qh5 f5 22. g6 Nxg6 23. Qxg6 Rf6 24. Qh7+ Kf7 25. Rxe7+ Kxe7 26. Qxg7+ Rf7 27.
Bg5+ 1-0

[Event "89th YMCA Spring-A"]
[Site "Warszawa"]
[Date "2011.04.27"]
[Round "8"]
[White "Gluszko, Monika"]
[Black "Krasiewicz, Robert"]
[Result "1/2-1/2"]
[WhiteElo "1990"]
[BlackElo "2057"]
[PlyCount "131"]
[EventDate "2011.03.29"]
[EventType "tourn"]
[EventRounds "1"]
[EventCountry "POL"]
[SourceDate "2011.03.31"]

1. e4 e6 2. d4 d5 3. Nc3 Bb4 4. Nge2 dxe4 5. a3 Be7 6. Nxe4 Nf6 7. N2g3 O-O 8.
c3 Nbd7 9. Bd3 c5 10. dxc5 Nxe4 11. Nxe4 f5 12. Ng3 Nxc5 13. Bc4 Qxd1+ 14. Kxd1
Bd7 15. Kc2 Rac8 16. Re1 Ne4 17. Bb3 Nc5 18. Bc4 Ba4+ 19. b3 Bd7 20. Be3 b5 21.
Bxc5 Bxc5 22. Bxe6+ Bxe6 23. Rxe6 Bxf2 24. Ne2 Rfe8 25. Rxe8+ Rxe8 26. Kd3 Rd8+
27. Nd4 g6 28. b4 Kf7 29. a4 bxa4 30. Rxa4 Rd7 31. g3 Kf6 32. Ra2 Bg1 33. Rg2
Bxd4 34. cxd4 Kg5 35. b5 Kg4 36. Kc4 Kf3 37. Ra2 Ke4 38. Kc5 g5 39. Kc6 Rxd4
40. Rxa7 Rc4+ 41. Kd6 f4 42. gxf4 gxf4 43. Rxh7 f3 44. b6 f2 45. Rf7 Ke3 46. b7
Rb4 47. Kc7 Rc4+ 48. Kd7 Rb4 49. Kc6 Ke2 50. h4 f1=Q 51. Rxf1 Kxf1 52. h5 Rb2
53. h6 Rc2+ 54. Kd6 Rd2+ 55. Ke6 Re2+ 56. Kd5 Rd2+ 57. Kc4 Rd8 58. h7 Rh8 59.
Kd5 Ke2 60. Ke6 Ke3 61. Kf6 Rb8 62. Kg7 Rxb7+ 63. Kg6 Rb8 64. Kg7 Kf4 65. h8=Q
Rxh8 66. Kxh8 1/2-1/2

[Event "89th YMCA Spring-A"]
[Site "Warszawa"]
[Date "2011.05.20"]
[Round "8"]
[White "Kaczorowski, Piotr"]
[Black "Liberadzki, Slawomir"]
[Result "1/2-1/2"]
[WhiteElo "2117"]
[BlackElo "2013"]
[Annotator "M"]
[PlyCount "56"]
[EventDate "2011.03.29"]
[EventType "tourn"]
[EventRounds "1"]
[EventCountry "POL"]
[SourceDate "2011.03.31"]

1. d4 d5 2. Nf3 Nf6 3. c4 e6 4. Nc3 c5 5. e3 Nc6 6. a3 cxd4 7. exd4 Be7 8. Bd3
O-O 9. O-O b6 10. Be3 dxc4 11. Bxc4 Bb7 12. Qe2 Rc8 13. Rac1 Nd5 14. Nxd5 exd5
15. Bd3 Bf6 16. b4 Re8 17. Qd2 Ne7 18. Bg5 Ng6 19. h4 Nxh4 20. Bxh4 Bxh4 21.
Qf4 Bf6 22. Rxc8 Bxc8 23. Rc1 Re7 24. Qb8 Re8 25. Qxa7 Bg4 26. Qc7 Bxf3 27.
Qxd8 Rxd8 28. gxf3 Bxd4 $11 1/2-1/2

[Event "89th YMCA Spring-A"]
[Site "Warszawa"]
[Date "2011.05.24"]
[Round "8"]
[White "Sielicki, Tomasz"]
[Black "Malec, Sebastian"]
[Result "0-1"]
[WhiteElo "2026"]
[BlackElo "2195"]
[PlyCount "62"]
[EventDate "2011.03.29"]
[EventType "tourn"]
[EventRounds "1"]
[EventCountry "POL"]
[SourceDate "2011.03.31"]

1. d4 Nf6 2. c4 e6 3. Nc3 Bb4 4. Qc2 O-O 5. a3 Bxc3+ 6. Qxc3 d5 7. Bg5 b6 8. e3
Ba6 9. Nf3 Nbd7 10. Ne5 Qe8 11. Nxd7 Nxd7 12. cxd5 Bxf1 13. dxe6 Bxg2 14. exd7
Qxd7 15. Rg1 Be4 16. Rg3 Bg6 17. Rc1 c5 18. dxc5 bxc5 19. h4 h5 20. Bf4 Qb7 21.
Be5 Rfd8 22. Bxg7 Rd3 23. Qc4 Rad8 24. Bd4 Qe4 25. Rxg6+ Qxg6 26. Ke2 R8xd4 27.
exd4 Qe4+ 28. Kf1 Qh1+ 29. Ke2 Qf3+ 30. Ke1 Rxd4 31. Rc3 Qd1# 0-1

[Event "89th YMCA Spring-A"]
[Site "Warszawa"]
[Date "2011.05.25"]
[Round "8"]
[White "Szymczak, Rafal"]
[Black "Zurkowski, Andrzej"]
[Result "1/2-1/2"]
[WhiteElo "2089"]
[BlackElo "2135"]
[Annotator "M"]
[PlyCount "20"]
[EventDate "2011.03.29"]
[EventType "tourn"]
[EventRounds "1"]
[EventCountry "POL"]
[SourceDate "2011.03.31"]

1. f4 d5 2. Nf3 Nf6 3. g3 g6 4. Bg2 Bg7 5. O-O O-O 6. d3 c6 7. c3 Nbd7 8. Kh1
Re8 9. Qc2 e5 10. fxe5 Nxe5 $11 1/2-1/2

[Event "89th YMCA Spring-A"]
[Site "Warszawa"]
[Date "2011.05.24"]
[Round "9"]
[White "Zurkowski, Andrzej"]
[Black "Choroszej, Aleksander"]
[Result "0-1"]
[WhiteElo "2135"]
[BlackElo "2067"]
[PlyCount "108"]
[EventDate "2011.03.29"]
[EventType "tourn"]
[EventRounds "1"]
[EventCountry "POL"]
[SourceDate "2011.03.31"]

1. d4 g6 2. e4 Bg7 3. f4 c5 4. d5 d6 5. Nf3 Nf6 6. Nc3 O-O 7. Be2 e6 8. dxe6
Bxe6 9. O-O Nc6 10. h3 a6 11. Be3 Qe7 12. Bf2 b5 13. Re1 Qc7 14. f5 gxf5 15.
exf5 Bxf5 16. Nh4 Bg6 17. Bf3 Rae8 18. Qd2 Ne5 19. Be2 Qc6 20. Rad1 Re6 21. Bf1
Rfe8 22. Nxg6 hxg6 23. Bh4 b4 24. Nd5 Nxd5 25. Qxd5 Qxd5 26. Rxd5 Nc6 27. Rxe6
Rxe6 28. Bxa6 Bxb2 29. Rd1 Bd4+ 30. Kf1 Ne5 31. Bg3 Kg7 32. Re1 Re7 33. Bxe5+
dxe5 34. Ke2 e4 35. Rf1 Ra7 36. Bc4 f5 37. Bd5 Ra3 38. Bb3 Kf6 39. Kd2 Ke5 40.
h4 c4 41. Bxc4 Rg3 42. Rh1 Rxg2+ 43. Kd1 Be3 44. Bb3 Kf4 45. h5 gxh5 46. Rxh5
Kg4 47. Rh8 Kf3 48. Rh3+ Kf2 49. Rh1 Kg3 50. Rh5 Kg4 51. Rh8 Bg5 52. Rf8 Rd2+
53. Ke1 e3 54. Be6 Bh4+ 0-1

[Event "89th YMCA Spring-A"]
[Site "Warszawa"]
[Date "2011.05.27"]
[Round "9"]
[White "Malec, Sebastian"]
[Black "Szymczak, Rafal"]
[Result "1/2-1/2"]
[WhiteElo "2195"]
[BlackElo "2089"]
[Annotator "M"]
[PlyCount "142"]
[EventDate "2011.03.29"]
[EventType "tourn"]
[EventRounds "1"]
[EventCountry "POL"]
[SourceDate "2011.03.31"]

1. e4 c6 2. Nc3 d5 3. Nf3 dxe4 4. Nxe4 Nf6 5. Nxf6+ exf6 6. Be2 Bd6 7. O-O O-O
8. d4 Re8 9. Be3 Nd7 10. c4 Nf8 11. d5 cxd5 12. cxd5 Ng6 13. Rc1 Bg4 14. h3
Bxf3 15. Bxf3 Qa5 16. Qd4 Qxa2 $11 17. Ra1 Qb3 18. Bd1 Qb6 19. Qxb6 axb6 20.
Rxa8 Rxa8 21. Bxb6 Ra1 22. Bb3 Bh2+ 23. Kxh2 Rxf1 24. d6 Nf8 25. Ba4 Rb1 26. d7
Nxd7 27. Bxd7 Rxb2 28. Be3 b5 29. Kg3 b4 30. Bf5 b3 31. Bd4 Rd2 32. Bc3 Rd1 33.
Kf3 g6 34. Ke2 Rg1 35. Bd3 Rxg2 36. Bxf6 Rh2 37. h4 b2 38. Bxb2 Rxh4 39. Be5 f5
40. f4 h6 41. Kf2 Rh3 42. Bc4+ Kh7 43. Kg2 Ra3 44. Be6 Ra6 45. Bc8 Rc6 46. Bd7
Rc2+ 47. Kg3 Kg8 48. Be6+ Kf8 49. Bb3 Rc1 50. Bd6+ Ke8 51. Ba4+ Kf7 52. Bb3+
Kf6 53. Be5+ Ke7 54. Bg8 Rc8 55. Ba2 Ra8 56. Bd5 Ra5 57. Bg8 $11 g5 58. Bh7
Rxe5 59. fxe5 Ke6 60. Bg6 Kxe5 61. Bh5 Ke4 62. Bf3+ Ke3 63. Bh5 f4+ 64. Kg2 Ke4
65. Bg4 Ke5 66. Kf3 Kf6 67. Bh5 Kf5 68. Bg4+ Kg6 69. Bd7 h5 70. Be8+ Kh6 71.
Bd7 g4+ 1/2-1/2

[Event "89th YMCA Spring-A"]
[Site "Warszawa"]
[Date "2011.05.31"]
[Round "9"]
[White "Liberadzki, Slawomir"]
[Black "Sielicki, Tomasz"]
[Result "1/2-1/2"]
[WhiteElo "2013"]
[BlackElo "2026"]
[Annotator "M"]
[PlyCount "37"]
[EventDate "2011.03.29"]
[EventType "tourn"]
[EventRounds "1"]
[EventCountry "POL"]
[SourceDate "2011.03.31"]

1. e4 e5 2. h3 Nf6 3. Nc3 Nc6 4. Nf3 Bc5 5. Nxe5 Nxe5 6. d4 Bd6 7. dxe5 Bxe5 8.
Bd3 d5 9. exd5 Nxd5 10. Nxd5 Qxd5 11. O-O Be6 12. Be3 O-O-O 13. Bxa7 g5 14. Qe2
g4 15. hxg4 Rdg8 16. Be4 Qa5 17. Bf3 f6 18. Bd4 Rg5 19. b4 $11 1/2-1/2

[Event "89th YMCA Spring-A"]
[Site "Warszawa"]
[Date "2011.05.27"]
[Round "9"]
[White "Krasiewicz, Robert"]
[Black "Kaczorowski, Piotr"]
[Result "1/2-1/2"]
[WhiteElo "2057"]
[BlackElo "2117"]
[PlyCount "140"]
[EventDate "2011.03.29"]
[EventType "tourn"]
[EventRounds "1"]
[EventCountry "POL"]
[SourceDate "2011.03.31"]

1. d4 d5 2. g3 g6 3. Bg2 Bg7 4. c4 dxc4 5. Nf3 Nf6 6. Nbd2 O-O 7. Nxc4 c5 8.
O-O cxd4 9. Nxd4 Nbd7 10. Bd2 Nb6 11. Ba5 Nfd7 12. Rc1 Ne5 13. Nxe5 Bxe5 14.
Nb5 Qxd1 15. Rfxd1 Bxb2 16. Rc7 Be6 17. Rxb7 Rad8 18. Rb1 Bf6 19. Nxa7 Bxa2 20.
R1xb6 Rd1+ 21. Bf1 Bd4 22. Nc6 Bxb6 23. Nxe7+ Kg7 24. Bxb6 Bc4 25. Kg2 Ra8 26.
Ba7 Kf6 27. f3 Ke6 28. Rc7 Bb5 29. Nc8 Rd7 30. Rc5 Rxc8 31. Rxc8 Rxa7 32. Rc2
h5 33. h4 Kf6 34. Kf2 Bd7 35. e3 Be6 36. Bd3 Ra2 37. Ke2 Rxc2+ 38. Bxc2 Bd5 39.
e4 Bb7 40. Ke3 Ba6 41. Kf4 Be2 42. e5+ Kg7 43. Bb3 Bd3 44. Ke3 Bf5 45. Kd4 Kf8
46. Ke3 Kg7 47. Kf4 Bd7 48. Bd5 Bh3 49. Kg5 Bf5 50. Be4 Be6 51. g4 hxg4 52.
fxg4 Bc4 53. h5 gxh5 54. gxh5 Bb3 55. h6+ Kh8 56. Kf6 Bc4 57. Bf5 Kg8 58. Bg4
Kh7 59. Bh5 Kxh6 60. Bxf7 Bb5 61. e6 Ba4 62. Bg6 Bb3 63. e7 Ba4 64. Kf7 Kg5 65.
Bh7 Bb5 66. Bg8 Kf5 67. Kf8 Kf6 68. Bf7 Bc6 69. Be8 Bf3 70. Bd7 Bh5 1/2-1/2

[Event "89th YMCA Spring-A"]
[Site "Warszawa"]
[Date "2011.06.02"]
[Round "9"]
[White "Grochulski, Grzegorz"]
[Black "Gluszko, Monika"]
[Result "1/2-1/2"]
[WhiteElo "2069"]
[BlackElo "1990"]
[Annotator "M"]
[PlyCount "64"]
[EventDate "2011.03.29"]
[EventType "tourn"]
[EventRounds "1"]
[EventCountry "POL"]
[SourceDate "2011.03.31"]

1. c4 Nf6 2. Nf3 g6 3. Nc3 d5 4. cxd5 Nxd5 5. Qa4+ Nc6 6. g3 Bg7 7. Bg2 Nb6 8.
Qd1 O-O 9. O-O e5 10. d3 h6 11. Be3 Re8 12. Qd2 Kh7 13. Rfc1 f5 14. Qc2 Be6 15.
Na4 Nb4 16. Qd2 Nxa2 17. Nxb6 axb6 18. Re1 Bb3 19. d4 e4 20. Ne5 Bxe5 21. dxe5
Qxd2 22. Bxd2 Rxe5 23. Bc3 Rc5 24. f3 Re8 25. fxe4 fxe4 26. Bd4 Rc2 27. h4 c5
28. Bf6 h5 29. Rad1 Ba4 30. Ra1 Bb3 31. Rad1 Ba4 32. Ra1 Bb3 $11 1/2-1/2

[Event "89th YMCA Spring-A"]
[Site "Warszawa"]
[Date "2011.05.27"]
[Round "9"]
[White "Kielar, Maciej"]
[Black "Jarmula, Pawel"]
[Result "0-1"]
[WhiteElo "2101"]
[BlackElo "2031"]
[PlyCount "144"]
[EventDate "2011.03.29"]
[EventType "tourn"]
[EventRounds "1"]
[EventCountry "POL"]
[SourceDate "2011.03.31"]

1. e4 c5 2. Nf3 d6 3. d4 cxd4 4. Nxd4 Nf6 5. Nc3 a6 6. Bg5 e6 7. Qd2 Be7 8.
O-O-O b5 9. Bd3 Bb7 10. a3 Nbd7 11. f4 Qb6 12. Nf3 b4 13. Na4 Qc6 14. b3 bxa3
15. e5 Nd5 16. Nd4 Bxg5 17. fxg5 Qc7 18. exd6 Qxd6 19. Rhf1 O-O 20. Kb1 Rab8
21. h4 Bc6 22. Nc3 Nxc3+ 23. Qxc3 Bd5 24. h5 Qb4 25. Qxb4 Rxb4 26. g3 Ne5 27.
Bxa6 Ng4 28. c4 Be4+ 29. Ka2 Ne3 30. Bb5 Ra8 31. Rde1 Nxf1 32. Rxf1 e5 33. Re1
exd4 34. Rxe4 Kf8 35. Re1 d3 36. Rd1 Ke7 37. Rxd3 Ra7 38. g4 Ke6 39. Re3+ Kd6
40. Re7 Ra5 41. Re3 Raxb5 42. Rd3+ Ke6 43. cxb5 Rxb5 44. Rd4 Rxg5 45. Kxa3 f5
46. gxf5+ Rxf5 47. Rg4 Kf6 48. h6 g5 49. Rc4 Kg6 50. Rc6+ Rf6 51. Rc4 Kxh6 52.
Kb2 Kg6 53. Kc2 Rd6 54. b4 h5 55. b5 Kf5 56. Rc5+ Kf4 57. Rc6 Ke5 58. Rc7 h4
59. Rg7 Kf6 60. Rh7 Kf5 61. Kc3 Kg4 62. Kc4 Kg3 63. Kc5 Rd8 64. Kc6 h3 65. Kc7
Rg8 66. b6 h2 67. b7 Kg2 68. Rh5 h1=Q 69. b8=Q Qc1+ 70. Kd7 Rxb8 71. Rh6 g4 72.
Rh4 Qc8+ 0-1

[Event "89th YMCA Spring-A"]
[Site "Warszawa"]
[Date "2011.06.09"]
[Round "10"]
[White "Choroszej, Aleksander"]
[Black "Jaworski, Andrzej"]
[Result "1/2-1/2"]
[WhiteElo "2067"]
[BlackElo "2040"]
[Annotator "M"]
[PlyCount "51"]
[EventDate "2011.03.29"]
[EventType "tourn"]
[EventRounds "1"]
[EventCountry "POL"]
[SourceDate "2011.03.31"]

1. d4 d5 2. c4 c6 3. Nc3 Nf6 4. e3 g6 5. Nf3 Bg7 6. Bd3 O-O 7. O-O Bg4 8. h3
Bxf3 9. Qxf3 e6 10. b3 Nbd7 11. Bb2 Re8 12. Rfd1 a6 13. g4 h6 14. Qg2 Nh7 15.
Ne2 Qe7 16. Rab1 Rac8 17. Ng3 f5 18. gxf5 gxf5 19. Kh1 Kh8 20. f4 Rg8 21. Rg1
Qf7 22. Qf3 Nhf6 23. Rg2 Bf8 24. Rbg1 Be7 25. Bc3 Rg7 26. Be2 $11 1/2-1/2

[Event "89th YMCA Spring-A"]
[Site "Warszawa"]
[Date "2011.05.31"]
[Round "10"]
[White "Jarmula, Pawel"]
[Black "Kasperkiewicz, Pawel"]
[Result "1/2-1/2"]
[WhiteElo "2031"]
[BlackElo "2128"]
[PlyCount "83"]
[EventDate "2011.03.29"]
[EventType "tourn"]
[EventRounds "1"]
[EventCountry "POL"]
[SourceDate "2011.03.31"]

1. e4 c6 2. d4 d5 3. e5 Bf5 4. Nf3 e6 5. Be2 c5 6. Be3 Nd7 7. c4 Ne7 8. Na3
cxd4 9. Nxd4 Nxe5 10. O-O Bg6 11. Bf4 N5c6 12. Qa4 a6 13. Rfd1 Qa5 14. Qxa5
Nxa5 15. Rac1 Nac6 16. Bf3 Nxd4 17. Rxd4 Nc6 18. Rdd1 d4 19. Bxc6+ bxc6 20.
Rxd4 Bc5 21. Rd2 Ke7 22. Nc2 Rad8 23. b4 Rxd2 24. Bxd2 Ba7 25. Be3 Bxe3 26.
Nxe3 Rd8 27. c5 Rd2 28. a3 Ra2 29. Nc4 f6 30. f3 e5 31. Rd1 Bf7 32. Na5 Bd5 33.
Rd3 g5 34. Nb7 h5 35. Nd6 Ke6 36. Ne8 Kf5 37. Rc3 h4 38. Nc7 Ra1+ 39. Kf2 Ra2+
40. Kg1 Ra1+ 41. Kf2 Ra2+ 42. Kg1 1/2-1/2

[Event "89th YMCA Spring-A"]
[Site "Warszawa"]
[Date "2011.06.03"]
[Round "10"]
[White "Gluszko, Monika"]
[Black "Kielar, Maciej"]
[Result "1-0"]
[WhiteElo "1990"]
[BlackElo "2101"]
[PlyCount "48"]
[EventDate "2011.03.29"]
[EventType "tourn"]
[EventRounds "1"]
[EventCountry "POL"]
[SourceDate "2011.03.31"]

1. e4 c5 2. Nf3 g6 3. d4 cxd4 4. Qxd4 Nf6 5. e5 Nc6 6. Qa4 Nd5 7. Qe4 Nc7 8.
Nc3 Bg7 9. Bf4 Ne6 10. Bc4 O-O 11. O-O-O Nxf4 12. Qxf4 Qa5 13. Rhe1 b5 14. Bb3
b4 15. Nd5 Qc5 16. Qh4 h6 17. Nf6+ exf6 18. exf6 g5 19. Qh5 Bxf6 20. Rd5 Qb6
21. Rd6 Bg7 22. Rxh6 d5 23. Bxd5 Bg4 24. Qg6 Bf5 1-0

[Event "89th YMCA Spring-A"]
[Site "Warszawa"]
[Date "2011.06.03"]
[Round "10"]
[White "Kaczorowski, Piotr"]
[Black "Grochulski, Grzegorz"]
[Result "0-1"]
[WhiteElo "2117"]
[BlackElo "2069"]
[PlyCount "30"]
[EventDate "2011.03.29"]
[EventType "tourn"]
[EventRounds "1"]
[EventCountry "POL"]
[SourceDate "2011.03.31"]

1. d4 Nf6 2. c4 c5 3. Nf3 g6 4. Nc3 Bg7 5. e4 cxd4 6. Nxd4 Nc6 7. Be3 d6 8. Be2
O-O 9. O-O Bd7 10. Rc1 a6 11. f3 Nxd4 12. Bxd4 Qa5 13. b4 Qxb4 14. Rb1 Qa5 15.
Rxb7 e5 0-1

[Event "89th YMCA Spring-A"]
[Site "Warszawa"]
[Date "2011.06.14"]
[Round "10"]
[White "Sielicki, Tomasz"]
[Black "Krasiewicz, Robert"]
[Result "1-0"]
[WhiteElo "2026"]
[BlackElo "2057"]
[Annotator "M"]
[PlyCount "101"]
[EventDate "2011.03.29"]
[EventType "tourn"]
[EventRounds "1"]
[EventCountry "POL"]
[SourceDate "2011.03.31"]

1. d4 Nf6 2. c4 c5 3. d5 b5 4. cxb5 a6 5. b6 d6 6. Nc3 g6 7. e4 Bg7 8. Be2 Nbd7
9. Nf3 O-O 10. O-O Qxb6 11. h3 Bb7 12. Nd2 Ne8 13. Nc4 Qc7 14. a4 Ne5 15. Ne3
Rb8 16. f4 Nd7 17. Ra3 Bd4 18. Kh1 e5 19. dxe6 fxe6 20. Bc4 Ng7 21. f5 Ne5 22.
Ba2 Bxe3 23. Bxe3 gxf5 24. exf5 c4 25. Bd4 Nxf5 26. Ne2 Bxg2+ 27. Kxg2 Nh4+ 28.
Kg3 Rxf1 29. Qxf1 Rf8 30. Qc1 Qg7+ 31. Kxh4 Rf6 32. Rg3 Nf3+ 33. Rxf3 Rh6+ 34.
Qxh6 Qxh6+ 35. Kg3 d5 36. Kf2 Qh4+ 37. Kg2 Qe4 38. Kf2 Qh4+ 39. Kf1 Qe4 40. Re3
Qf5+ 41. Ke1 Kf7 42. Kd2 Ke7 43. b3 cxb3 44. Bxb3 Kd7 45. Bc2 Qf7 46. Bd3 Qe7
47. Bc3 Qa3 48. a5 Qa2+ 49. Ke1 Qb3 50. Bxh7 Qc4 51. Kd2 $138 1-0